[Event "Gligoric Cup 5th"]
[Site "Novi Sad"]
[Date "2018.11.06"]
[Round "4.5"]
[White "Majstorovic, Stefan"]
[Black "Marcok, Pavel"]
[Result "1-0"]
[WhiteElo "1810"]
[BlackElo "1962"]
[PlyCount "129"]
[EventDate "2018.11.04"]
[EventType "team-swiss"]
[EventRounds "5"]
[EventCountry "SRB"]
[SourceTitle "CBM 187 Extra"]
[Source "ChessBase"]
[SourceDate "2018.11.04"]
[SourceVersion "1"]
[SourceVersionDate "2018.11.04"]
[SourceQuality "1"]
[WhiteTeam "Novi Sad 64"]
[BlackTeam "Backi Petrovac Mladost"]
[WhiteTeamCountry "SRB"]
[BlackTeamCountry "SRB"]

1. d4 d6 2. e4 g6 3. Nf3 Bg7 4. Bc4 Nf6 5. Nbd2 0-0 6. h3 Nc6 7. c3 e5 8. dxe5 dxe5 9. 0-0 Qe7 10. Qc2 Kh8 11. Re1 Nh5 12. Nf1 Nf4 13. Ne3 Nd8 14. Nd5 Nxd5 15. Bxd5 c6 16. Bc4 h6 17. Bd2 Ne6 18. Rad1 Nf4 19. Qc1 g5 20. Bxf4 gxf4 21. Qd2 Be6 22. Bxe6 Qxe6 23. Nh4 Rfd8 24. Qxd8+ Rxd8 25. Rxd8+ Kh7 26. Red1 Qxa2 27. R8d7 f3 28. Nxf3 Bf6 29. Kh2 Qc4 30. Re1 h5 31. Rd6 Kg7 32. Rd7 Qb3 33. Rd2 a5 34. Kg3 a4 35. Ra1 Qc4 36. Re1 b5 37. Re3 h4+ 38. Kh2 Qc5 39. Ree2 Qa7 40. Rd3 a3 41. bxa3 Qxa3 42. Rde3 Bd8 43. Rd2 Qe7 44. Red3 Ba5 45. Ra2 Bb6 46. g3 hxg3+ 47. fxg3 Qc5 48. Rg2 Qc4 49. Rd7 Qxe4 50. Rxf7+ Kg8 51. Ng5 Qe3 52. h4 Qxg5 53. Rf8+ Kxf8 54. hxg5 Ba5 55. Rc2 Kg7 56. Kh3 c5 57. Kg4 Kg6 58. Rb2 Bxc3 59. Rxb5 Bd4 60. Rb6+ Kg7 61. Kf5 c4 62. Rb7+ Kf8 63. g6 c3 64. g7+ Kg8 65. Kg6 1-0

[Event "Backi Petrovac Vujovic Memorial"]
[Site "Backi Petrovac"]
[Date "2018.07.12"]
[Round "8"]
[White "Radlovacki, Jovan"]
[Black "Marcok, Pavel"]
[Result "1-0"]
[WhiteElo "2306"]
[BlackElo "1964"]
[PlyCount "70"]
[EventDate "2018.07.08"]
[EventType "swiss"]
[EventRounds "9"]
[EventCountry "SRB"]
[SourceTitle "EXT 2019"]
[Source "ChessBase"]
[SourceDate "2018.10.10"]
[SourceVersion "1"]
[SourceVersionDate "2018.10.10"]
[SourceQuality "1"]

1. e4 d6 2. d4 g6 3. h4 Nf6 4. f3 Bg7 5. Nc3 Nc6 6. Be3 e5 7. d5 Ne7 8. Nb1 c6 9. c4 a6 10. a4 cxd5 11. cxd5 Qa5+ 12. Nc3 Nh5 13. Nge2 f5 14. b4 Qd8 15. a5 0-0 16. Qd2 Rf7 17. 0-0-0 Bd7 18. Kb2 Nf6 19. exf5 gxf5 20. h5 Nc8 21. h6 Bh8 22. Nc1 b6 23. Nb3 Rb8 24. Ka3 bxa5 25. Nxa5 Ra8 26. Bc4 Nb6 27. Bb3 Bb5 28. Rc1 Nfd7 29. Rc2 f4 30. Bf2 Bf6 31. Ne4 Be7 32. Rhc1 Nf6 33. Ng5 Nfd7 34. Nxf7 Kxf7 35. Rc7 Kf8 1-0

[Event "Backi Petrovac Vujovic Memorial"]
[Site "Backi Petrovac"]
[Date "2018.07.10"]
[Round "4"]
[White "Cervenak, Juraj"]
[Black "Marcok, Pavel"]
[Result "1/2-1/2"]
[WhiteElo "1908"]
[BlackElo "1964"]
[PlyCount "26"]
[EventDate "2018.07.08"]
[EventType "swiss"]
[EventRounds "9"]
[EventCountry "SRB"]
[SourceTitle "EXT 2019"]
[Source "ChessBase"]
[SourceDate "2018.10.10"]
[SourceVersion "1"]
[SourceVersionDate "2018.10.10"]
[SourceQuality "1"]

1. e4 e5 2. Nf3 d6 3. d4 exd4 4. Nxd4 Nc6 5. Be2 Ne5 6. Nb3 Be6 7. Nc3 Nf6 8. Be3 Be7 9. 0-0 0-0 10. a3 d5 11. exd5 Nxd5 12. Nxd5 Bxd5 13. c4 Be6 1/2-1/2